Statistics for U.S. States or European Countries by Population

Click here to take the quiz!

General Stats

  • This quiz has been taken 47,952 times
    (11,684 since last reset)
  • The average score is 21 of 24

Answer Stats

PopulationState / Country% Correct
67.8 milUnited Kingdom
99%
65.3 milFrance
99%
83.8 milGermany
99%
112 milRussia
98%
60.5 milItaly
98%
46.7 milSpain
98%
39.4 milCalifornia
98%
29.4 milTexas
97%
19.3 milNew York
97%
21.7 milFlorida
95%
37.9 milPoland
94%
43.7 milUkraine
89%
10.2 milPortugal
89%
10.4 milGreece
88%
17.1 milNetherlands
85%
10.1 milSweden
85%
19.3 milRomania
82%
12.6 milIllinois
82%
11.6 milBelgium
81%
10.7 milGeorgia
79%
12.8 milPennsylvania
77%
11.7 milOhio
75%
10.7 milCzech Republic
69%
10.6 milNorth Carolina
63%

Score Distribution

Percentile by Number Answered

Percent of People with Each Score

Your Score History

You have not taken this quiz since the last reset